Basic marketing research : Using Microsoft® Excel data analysis

Đã lưu trong:
Sonraí Bibleagrafaíochta
Príomhúdar: Burns, Alvin C.
Formáid: Leabhar
Teanga:Undetermined
Foilsithe: Victoria, Australia Pearson Education 2005
Ábhair:
Clibeanna: Cuir Clib Leis
Gan Chlibeanna, Bí ar an gcéad duine leis an taifead seo a chlibeáil!
Thư viện lưu trữ: Trung tâm Học liệu Trường Đại học Cần Thơ
LEADER 00627nam a2200217Ia 4500
001 CTU_104432
008 210402s9999 xx 000 0 und d
020 |c 51.34 
082 |a 658.800285 
082 |b B967 
100 |a Burns, Alvin C. 
245 0 |a Basic marketing research : 
245 0 |b Using Microsoft® Excel data analysis 
245 0 |c Alvin C. Burns, Ronald F. Bush 
260 |a Victoria, Australia 
260 |b Pearson Education 
260 |c 2005 
650 |a Marketing,Excel (Computer programs) 
650 |x Data processing 
904 |i Minh 
980 |a Trung tâm Học liệu Trường Đại học Cần Thơ